ბათუმის შოთა რუსთაველის სახელმწიფო უნივერსიტეტის ბიბლიოთეკა

მაგდანას ლურჯა (ბიბ.ჩანაწერი № 47750)

000 -LEADER
fixed length control field 00752nam a2200217Ia 4500
001 - CONTROL NUMBER
control field 14621
003 - CONTROL NUMBER IDENTIFIER
control field GE_BSU
008 - FIXED-LENGTH DATA ELEMENTS--GENERAL INFORMATION
fixed length control field 181216s||||||||xx |||||||||||||| ||und||
020 ## - INTERNATIONAL STANDARD BOOK NUMBER
International Standard Book Number 5529007821
040 ## - CATALOGING SOURCE
Transcribing agency GE_BSU
080 ## - UNIVERSAL DECIMAL CLASSIFICATION NUMBER
Universal Decimal Classification number 82-93
100 ## - MAIN ENTRY--PERSONAL NAME
Personal name გაბაშვილი,ეკატერინე
245 ## - TITLE STATEMENT
Title მაგდანას ლურჯა
245 ## - TITLE STATEMENT
Statement of responsibility, etc. შეადგ.ზ.აბესაძემ. რედ.ე.მოისწრაფიშვილი. მხატვ.ე. ამბოკაძე
260 ## - PUBLICATION, DISTRIBUTION, ETC.
Place of publication, distribution, etc. თბილისი
260 ## - PUBLICATION, DISTRIBUTION, ETC.
Name of publisher, distributor, etc. საბჭოთა საქართველო
260 ## - PUBLICATION, DISTRIBUTION, ETC.
Date of publication, distribution, etc. 1989
300 ## - PHYSICAL DESCRIPTION
Extent 159გვ.21სმ.
653 ## - INDEX TERM--UNCONTROLLED
Uncontrolled term მაგდანას ლურჯა
942 ## - ADDED ENTRY ELEMENTS (KOHA)
Koha item type წიგნი
ეგზემპლარები
Withdrawn status Lost status Damaged status Not for loan Date acquired Barcode Date last seen Price effective from Koha item type
        2018-12-17 37749 2018-12-17 2018-12-17 წიგნი